A second beacon fired by Scintilla : with his humble information and joynt attestation to the truth of his brethrens former declaration & catalogue, that fired the first beacon. Wherein is remembred the former actings of the papists in their secret plots: and now discovering their wicked designes to set up, advance, and cunningly to usher in popery; by introducing pictures to the Holy Bible: and by sending many young gentlewomen beyond the seas to the nunnes. Also, shewing and setting forth the misery of the whole Company of Stationers: and holding out rather a desolation to religion then a reformation; as more at large appears both in our ministers and churches, in these sad times, when blasphemy, negromancy, popery, and all heresies be printed and publiquely sold, in a most horrid manner without controll or punishment.

Bibliographic Details
Main Author: Sparke, Michael, d. 1653
Format: eBook
Language:English
Published: London : printed for the author, 1652.
Series:Early English books online.
Subjects:
Online Access:Connect to the full text of this electronic book

MARC

Tag First Indicator Second Indicator Subfields
LEADER 00000nam a2200000Ia 4500
001 in00004323921
005 20200812085528.0
006 m g d
007 cr bn |||a|bb|
008 930428s1652 enk o 00| | eng d
035 |a (UnM)99900173 
037 |a CL0037000107  |b ProQuest Information and Learning. 300 N. Zeeb Rd., Ann Arbor, MI 48106 
040 |a Cu-RivES  |c Cu-RivES  |d CStRLIN  |e dcrb  |d WaOLN 
100 1 |a Sparke, Michael,  |d d. 1653. 
245 1 2 |a A second beacon fired by Scintilla :  |b with his humble information and joynt attestation to the truth of his brethrens former declaration & catalogue, that fired the first beacon. Wherein is remembred the former actings of the papists in their secret plots: and now discovering their wicked designes to set up, advance, and cunningly to usher in popery; by introducing pictures to the Holy Bible: and by sending many young gentlewomen beyond the seas to the nunnes. Also, shewing and setting forth the misery of the whole Company of Stationers: and holding out rather a desolation to religion then a reformation; as more at large appears both in our ministers and churches, in these sad times, when blasphemy, negromancy, popery, and all heresies be printed and publiquely sold, in a most horrid manner without controll or punishment. 
260 |a London :  |b printed for the author,  |c 1652. 
300 |a 1 online resource (11, [1] pages) 
336 |a text  |b txt  |2 rdacontent 
337 |a computer  |b c  |2 rdamedia 
338 |a online resource  |b cr  |2 rdacarrier 
500 |a Scintilla = Michael Sparke. 
500 |a Annotation on Thomason copy: "Octob. 4". 
500 |a Reproduction of original in the Henry E. Huntington Library. 
510 4 |a Wing (CD-ROM, 1996)  |c S4818BA 
510 4 |a Thomason  |c E.675[29] 
533 |a Electronic reproduction.  |b Ann Arbor, Mich. :  |c UMI,  |d 1999-  |f (Early English books online)  |n Digital version of: (Early English books, 1641-1700 ; 2556:14)  |7 s1999 miun s 
610 2 0 |a Catholic Church  |v Controversial literature  |v Early works to 1800. 
610 2 0 |a Stationers' Company (London, England)  |v Early works to 1800. 
650 0 |a Booksellers and bookselling  |z England  |v Early works to 1800. 
650 0 |a Censorship  |z England  |v Sources  |v Early works to 1800. 
830 0 |a Early English books online. 
856 4 0 |u http://proxy.library.tamu.edu/login?url=https://search.proquest.com/docview/2240850260  |z Connect to the full text of this electronic book  |t 0 
999 f f |s 49481c06-62a1-3148-afb7-3e033c5cc51d  |i 0ccd6beb-2b25-3325-b7ee-b2e418b1f9dd  |t 0 
952 f f |a Texas A&M University  |b College Station  |c Electronic Resources  |d Available Online  |t 0  |h No information provided 
998 f f |t 0  |l Available Online